Größte Nachbarländer - Statistiken

Allgemein
  • Dieses Quiz wurde 417 mal gespielt
  • Das Durchschnittsergebnis liegt bei 20 aus 24
Antwortstatistiken
Land ... und größter Nachbar % Korrekt
Russland China
99%
Argentinien Brasilien
97%
Danemark Deutschland
92%
Bangladesch Indien
92%
Norwegen Russland
92%
Vereinigtes Königreich Irland
91%
Simbabwe Südafrika
88%
Frankreich Spanien
87%
Irak Saudi Arabien
86%
Syrien Türkei
86%
Chile Argentinien
85%
Algerien Libyen
84%
Haiti Dominikanische Republik
83%
Ungarn Ukraine
81%
Honduras Nicaragua
79%
Ägypten Sudan
77%
Kambodscha Thailand
76%
Belize Mexiko
74%
Slowenien Italien
73%
Burundi Demokratische Republik Kongo
70%
Guinea Mali
69%
Indonesien Papua Neuguinea
66%
Pakistan China
64%
Armenien Iran
64%
Keine übereinstimmenden Quizze gefunden
Verteilung der Resultate
Anzahl Personen mit jedem Resultat
Perzentil nach korrekt beantworteten Fragen
Ihre Resultats-Entwicklung
Sie haben dieses Quiz noch nicht gespielt